| 000 | 00952pam a2200253 a 4500 | ||
|---|---|---|---|
| 999 |
_c2374 _d2374 |
||
| 001 | 19588 | ||
| 003 | BD-DhUAP | ||
| 005 | 20210128163358.0 | ||
| 008 | 200223s1988 nyua b 001 0 eng | ||
| 020 | _a9781259004100 | ||
| 040 |
_aDLC _cDLC _dBD-DhUAP _bEng |
||
| 082 | 0 | 0 |
_223 _a712.0218 TIM |
| 245 | 0 | 0 |
_aTime-saver standards for landscape architecture : _bdesign and construction data / _cEdited by Charles W. Harris and Nicholas T. Dines ; assistant editor, Gary M. Fishbeck. |
| 250 | _a2nd ed. | ||
| 260 |
_aNew York : _bMcGraw-Hill, _cc1988. |
||
| 300 |
_avarious pages : _billustrations ; _c29 cm. |
||
| 504 | _aIncludes bibliographies and index. | ||
| 650 | 0 |
_aLandscape architecture _xStandards _xHandbooks, manuals, etc. |
|
| 650 | 0 |
_aConstruction industry _xStandards _xHandbooks, manuals, etc. |
|
| 700 | 1 | _aHarris, Charles W. | |
| 700 | 1 | _aDines, Nicholas T. | |
| 942 |
_2ddc _cBK |
||